<?xml version="1.0" encoding="UTF-8"?>
<record
    xmlns:xsi="http://www.w3.org/2001/XMLSchema-instance"
    xsi:schemaLocation="http://www.loc.gov/MARC21/slim http://www.loc.gov/standards/marcxml/schema/MARC21slim.xsd"
    xmlns="http://www.loc.gov/MARC21/slim">

  <leader>00380nam a2200157Ia 4500</leader>
  <controlfield tag="008">230917s9999||||xx |||||||||||||| ||und||</controlfield>
  <datafield tag="040" ind1=" " ind2=" ">
    <subfield code="e">229527</subfield>
    <subfield code="a">MAIN</subfield>
  </datafield>
  <datafield tag="041" ind1=" " ind2=" ">
    <subfield code="a">English</subfield>
  </datafield>
  <datafield tag="082" ind1=" " ind2=" ">
    <subfield code="a">005.1 S55S(9)</subfield>
  </datafield>
  <datafield tag="100" ind1=" " ind2=" ">
    <subfield code="a">Sommerville, Ian</subfield>
  </datafield>
  <datafield tag="245" ind1=" " ind2="0">
    <subfield code="a">Software engineering</subfield>
  </datafield>
  <datafield tag="250" ind1=" " ind2=" ">
    <subfield code="a">9th ed.</subfield>
  </datafield>
  <datafield tag="260" ind1=" " ind2=" ">
    <subfield code="a">New Delhi</subfield>
    <subfield code="b">Pearson Education</subfield>
    <subfield code="c">2014</subfield>
  </datafield>
  <datafield tag="300" ind1=" " ind2=" ">
    <subfield code="a">700 p.</subfield>
  </datafield>
  <datafield tag="942" ind1=" " ind2=" ">
    <subfield code="c">BK</subfield>
  </datafield>
  <datafield tag="952" ind1=" " ind2=" ">
    <subfield code="0">0</subfield>
    <subfield code="1">0</subfield>
    <subfield code="4">0</subfield>
    <subfield code="6">005_100000000000000_S55S9</subfield>
    <subfield code="7">0</subfield>
    <subfield code="9">308211</subfield>
    <subfield code="a">MAIN</subfield>
    <subfield code="b">MAIN</subfield>
    <subfield code="c">UIET</subfield>
    <subfield code="d">2015-12-08</subfield>
    <subfield code="l">0</subfield>
    <subfield code="o">005.1 S55S(9)</subfield>
    <subfield code="p">355110</subfield>
    <subfield code="r">2023-09-17 21:52:58</subfield>
    <subfield code="w">2023-09-17</subfield>
    <subfield code="y">BK</subfield>
  </datafield>
  <datafield tag="952" ind1=" " ind2=" ">
    <subfield code="0">0</subfield>
    <subfield code="1">0</subfield>
    <subfield code="4">0</subfield>
    <subfield code="6">005_100000000000000_S55S9</subfield>
    <subfield code="7">0</subfield>
    <subfield code="9">308212</subfield>
    <subfield code="a">MAIN</subfield>
    <subfield code="b">MAIN</subfield>
    <subfield code="c">UIET</subfield>
    <subfield code="d">2015-12-08</subfield>
    <subfield code="l">0</subfield>
    <subfield code="o">005.1 S55S(9)</subfield>
    <subfield code="p">355111</subfield>
    <subfield code="r">2023-09-17 21:52:58</subfield>
    <subfield code="w">2023-09-17</subfield>
    <subfield code="y">BK</subfield>
  </datafield>
  <datafield tag="952" ind1=" " ind2=" ">
    <subfield code="0">0</subfield>
    <subfield code="1">0</subfield>
    <subfield code="4">0</subfield>
    <subfield code="6">005_100000000000000_S55S9</subfield>
    <subfield code="7">0</subfield>
    <subfield code="9">308213</subfield>
    <subfield code="a">MAIN</subfield>
    <subfield code="b">MAIN</subfield>
    <subfield code="c">UIET</subfield>
    <subfield code="d">2015-12-08</subfield>
    <subfield code="l">0</subfield>
    <subfield code="o">005.1 S55S(9)</subfield>
    <subfield code="p">355112</subfield>
    <subfield code="r">2023-09-17 21:52:58</subfield>
    <subfield code="w">2023-09-17</subfield>
    <subfield code="y">BK</subfield>
  </datafield>
  <datafield tag="952" ind1=" " ind2=" ">
    <subfield code="0">0</subfield>
    <subfield code="1">0</subfield>
    <subfield code="4">0</subfield>
    <subfield code="6">005_100000000000000_S55S9</subfield>
    <subfield code="7">0</subfield>
    <subfield code="9">308214</subfield>
    <subfield code="a">MAIN</subfield>
    <subfield code="b">MAIN</subfield>
    <subfield code="c">UIET</subfield>
    <subfield code="d">2015-12-08</subfield>
    <subfield code="l">0</subfield>
    <subfield code="o">005.1 S55S(9)</subfield>
    <subfield code="p">355113</subfield>
    <subfield code="r">2023-09-17 21:52:58</subfield>
    <subfield code="w">2023-09-17</subfield>
    <subfield code="y">BK</subfield>
  </datafield>
  <datafield tag="952" ind1=" " ind2=" ">
    <subfield code="0">0</subfield>
    <subfield code="1">0</subfield>
    <subfield code="4">0</subfield>
    <subfield code="6">005_100000000000000_S55S9</subfield>
    <subfield code="7">0</subfield>
    <subfield code="9">308215</subfield>
    <subfield code="a">MAIN</subfield>
    <subfield code="b">MAIN</subfield>
    <subfield code="c">UIET</subfield>
    <subfield code="d">2015-12-08</subfield>
    <subfield code="l">1</subfield>
    <subfield code="o">005.1 S55S(9)</subfield>
    <subfield code="p">355114</subfield>
    <subfield code="r">2024-10-15 09:42:11</subfield>
    <subfield code="s">2024-09-10</subfield>
    <subfield code="w">2023-09-17</subfield>
    <subfield code="y">BK</subfield>
  </datafield>
  <datafield tag="952" ind1=" " ind2=" ">
    <subfield code="0">0</subfield>
    <subfield code="1">0</subfield>
    <subfield code="4">0</subfield>
    <subfield code="6">005_100000000000000_S55S9</subfield>
    <subfield code="7">0</subfield>
    <subfield code="9">308216</subfield>
    <subfield code="a">MAIN</subfield>
    <subfield code="b">MAIN</subfield>
    <subfield code="c">UIET</subfield>
    <subfield code="d">2015-12-08</subfield>
    <subfield code="l">1</subfield>
    <subfield code="o">005.1 S55S(9)</subfield>
    <subfield code="p">355115</subfield>
    <subfield code="r">2024-09-25 11:24:40</subfield>
    <subfield code="s">2024-09-10</subfield>
    <subfield code="w">2023-09-17</subfield>
    <subfield code="y">BK</subfield>
  </datafield>
  <datafield tag="952" ind1=" " ind2=" ">
    <subfield code="0">0</subfield>
    <subfield code="1">0</subfield>
    <subfield code="4">0</subfield>
    <subfield code="6">005_100000000000000_S55S9</subfield>
    <subfield code="7">0</subfield>
    <subfield code="9">308217</subfield>
    <subfield code="a">MAIN</subfield>
    <subfield code="b">MAIN</subfield>
    <subfield code="c">UIET</subfield>
    <subfield code="d">2015-12-08</subfield>
    <subfield code="l">1</subfield>
    <subfield code="o">005.1 S55S(9)</subfield>
    <subfield code="p">355116</subfield>
    <subfield code="r">2025-12-24 12:22:00</subfield>
    <subfield code="s">2025-12-03</subfield>
    <subfield code="w">2023-09-17</subfield>
    <subfield code="y">BK</subfield>
  </datafield>
  <datafield tag="952" ind1=" " ind2=" ">
    <subfield code="0">0</subfield>
    <subfield code="1">0</subfield>
    <subfield code="4">0</subfield>
    <subfield code="6">005_100000000000000_S55S9</subfield>
    <subfield code="7">0</subfield>
    <subfield code="9">308218</subfield>
    <subfield code="a">MAIN</subfield>
    <subfield code="b">MAIN</subfield>
    <subfield code="c">UIET</subfield>
    <subfield code="d">2015-12-08</subfield>
    <subfield code="l">0</subfield>
    <subfield code="o">005.1 S55S(9)</subfield>
    <subfield code="p">355117</subfield>
    <subfield code="r">2023-09-17 21:52:58</subfield>
    <subfield code="w">2023-09-17</subfield>
    <subfield code="y">BK</subfield>
  </datafield>
  <datafield tag="952" ind1=" " ind2=" ">
    <subfield code="0">0</subfield>
    <subfield code="1">0</subfield>
    <subfield code="4">0</subfield>
    <subfield code="6">005_100000000000000_S55S9</subfield>
    <subfield code="7">0</subfield>
    <subfield code="9">308219</subfield>
    <subfield code="a">MAIN</subfield>
    <subfield code="b">MAIN</subfield>
    <subfield code="c">UIET</subfield>
    <subfield code="d">2015-12-08</subfield>
    <subfield code="l">0</subfield>
    <subfield code="o">005.1 S55S(9)</subfield>
    <subfield code="p">355118</subfield>
    <subfield code="r">2023-09-17 21:52:58</subfield>
    <subfield code="w">2023-09-17</subfield>
    <subfield code="y">BK</subfield>
  </datafield>
  <datafield tag="952" ind1=" " ind2=" ">
    <subfield code="0">0</subfield>
    <subfield code="1">0</subfield>
    <subfield code="4">0</subfield>
    <subfield code="6">005_100000000000000_S55S9</subfield>
    <subfield code="7">0</subfield>
    <subfield code="9">308220</subfield>
    <subfield code="a">MAIN</subfield>
    <subfield code="b">MAIN</subfield>
    <subfield code="c">UIET</subfield>
    <subfield code="d">2015-12-08</subfield>
    <subfield code="l">2</subfield>
    <subfield code="o">005.1 S55S(9)</subfield>
    <subfield code="p">355119</subfield>
    <subfield code="r">2025-12-29 14:23:41</subfield>
    <subfield code="s">2025-09-08</subfield>
    <subfield code="w">2023-09-17</subfield>
    <subfield code="y">BK</subfield>
  </datafield>
  <datafield tag="952" ind1=" " ind2=" ">
    <subfield code="0">0</subfield>
    <subfield code="1">0</subfield>
    <subfield code="4">0</subfield>
    <subfield code="6">005_100000000000000_S55S9</subfield>
    <subfield code="7">0</subfield>
    <subfield code="9">308221</subfield>
    <subfield code="a">MAIN</subfield>
    <subfield code="b">MAIN</subfield>
    <subfield code="c">UIET</subfield>
    <subfield code="d">2015-12-08</subfield>
    <subfield code="l">0</subfield>
    <subfield code="o">005.1 S55S(9)</subfield>
    <subfield code="p">355120</subfield>
    <subfield code="r">2023-09-17 21:52:58</subfield>
    <subfield code="w">2023-09-17</subfield>
    <subfield code="y">BK</subfield>
  </datafield>
  <datafield tag="952" ind1=" " ind2=" ">
    <subfield code="0">0</subfield>
    <subfield code="1">0</subfield>
    <subfield code="4">0</subfield>
    <subfield code="6">005_100000000000000_S55S9</subfield>
    <subfield code="7">0</subfield>
    <subfield code="9">308222</subfield>
    <subfield code="a">MAIN</subfield>
    <subfield code="b">MAIN</subfield>
    <subfield code="c">UIET</subfield>
    <subfield code="d">2015-12-08</subfield>
    <subfield code="l">0</subfield>
    <subfield code="o">005.1 S55S(9)</subfield>
    <subfield code="p">355121</subfield>
    <subfield code="r">2023-09-17 21:52:58</subfield>
    <subfield code="w">2023-09-17</subfield>
    <subfield code="y">BK</subfield>
  </datafield>
  <datafield tag="952" ind1=" " ind2=" ">
    <subfield code="0">0</subfield>
    <subfield code="1">0</subfield>
    <subfield code="4">0</subfield>
    <subfield code="6">005_100000000000000_S55S9</subfield>
    <subfield code="7">0</subfield>
    <subfield code="9">308223</subfield>
    <subfield code="a">MAIN</subfield>
    <subfield code="b">MAIN</subfield>
    <subfield code="c">UIET</subfield>
    <subfield code="d">2015-12-08</subfield>
    <subfield code="l">0</subfield>
    <subfield code="o">005.1 S55S(9)</subfield>
    <subfield code="p">355122</subfield>
    <subfield code="r">2023-09-17 21:52:58</subfield>
    <subfield code="w">2023-09-17</subfield>
    <subfield code="y">BK</subfield>
  </datafield>
  <datafield tag="952" ind1=" " ind2=" ">
    <subfield code="0">0</subfield>
    <subfield code="1">0</subfield>
    <subfield code="4">0</subfield>
    <subfield code="6">005_100000000000000_S55S9</subfield>
    <subfield code="7">0</subfield>
    <subfield code="9">308224</subfield>
    <subfield code="a">MAIN</subfield>
    <subfield code="b">MAIN</subfield>
    <subfield code="c">UIET</subfield>
    <subfield code="d">2015-12-08</subfield>
    <subfield code="l">0</subfield>
    <subfield code="o">005.1 S55S(9)</subfield>
    <subfield code="p">355123</subfield>
    <subfield code="r">2023-09-17 21:52:58</subfield>
    <subfield code="w">2023-09-17</subfield>
    <subfield code="y">BK</subfield>
  </datafield>
  <datafield tag="952" ind1=" " ind2=" ">
    <subfield code="0">0</subfield>
    <subfield code="1">0</subfield>
    <subfield code="4">0</subfield>
    <subfield code="6">005_100000000000000_S55S9</subfield>
    <subfield code="7">0</subfield>
    <subfield code="9">308225</subfield>
    <subfield code="a">MAIN</subfield>
    <subfield code="b">MAIN</subfield>
    <subfield code="c">UIET</subfield>
    <subfield code="d">2015-12-08</subfield>
    <subfield code="l">0</subfield>
    <subfield code="o">005.1 S55S(9)</subfield>
    <subfield code="p">355124</subfield>
    <subfield code="r">2023-09-17 21:52:58</subfield>
    <subfield code="w">2023-09-17</subfield>
    <subfield code="y">BK</subfield>
  </datafield>
  <datafield tag="999" ind1=" " ind2=" ">
    <subfield code="c">180832</subfield>
    <subfield code="d">180832</subfield>
  </datafield>
</record>
